| 000 | 00671nam a2200193Ia 4500 | ||
|---|---|---|---|
| 003 | GCL | ||
| 008 | 140319s9999 xx 000 0 ara d | ||
| 040 |
_aGCL / _cGCL |
||
| 082 | 0 | 4 |
_a658.8 _bم أ |
| 100 | 1 | _aمروان السكر العدوان | |
| 245 | 1 | 0 |
_aادارة وكالات وشركات السياحة والسفر / _cمروان السكر العدوان |
| 260 |
_aالاردن : _bدار مجدلاوى للنشر والتوزيع ، _c1996 |
||
| 300 | _a72 ص | ||
| 490 |
_aالاقتصاد السياحى _v4 |
||
| 650 | 0 | 4 | _aالسياحة |
| 650 | 0 | 4 | _aادارة الشركات |
| 650 | 0 | 4 | _aالسياحة - اقتصاديات |
| 942 |
_2ddc _cBK |
||
| 999 |
_c48364 _d48364 |
||